| 000 | 02205nam1a2200349 i 4500 | ||
|---|---|---|---|
| 001 | RU\NLR\bibl\543427 | ||
| 005 | 20240920190752.0 | ||
| 035 | _a(NLR Aleph) 000535657 | ||
| 090 |
_a1380994 _c1380994 |
||
| 100 | _a20040805g20039999u y0rusy50 ca | ||
| 101 | 0 | _arus | |
| 102 | _aRU | ||
| 105 | _a||||z ||||| | ||
| 200 | 1 |
_aНадежность горных машин и оборудования _eУчеб. пособие _fЮ.Г. Полкунов, А.А. Хорешок, Б.А. Катанов, Г.Д. Буялич _gМ-во образования Рос. Федерации, Гос. образоват. учреждение высш. проф. образования "Кузбас. гос. техн. ун-т" |
|
| 210 |
_aКемерово _cГУ КузГТУ _d2003 |
||
| 215 | _d20 | ||
| 300 | _aНа обл.: Каф. горн. машин и комплексов КузГТУ 50 лет | ||
| 463 | 0 | _1001528552 | |
| 606 | 0 |
_aГорные машины _jРуководства, пособия и т.п. для высшей школы _xНадежность _91467595 _3RU\NLR\auth\66313881 |
|
| 606 | 0 |
_aГорные машины _jУчебные издания для высших учебных заведений _xНадежность _91467595 _3RU\NLR\auth\66313881 |
|
| 606 | 0 |
_aРудничное оборудование _jРуководства, пособия и т.п. для высшей школы _xНадежность _92311873 _3RU\NLR\auth\661383580 |
|
| 606 | 0 |
_aРудничное оборудование _jУчебные издания для высших учебных заведений _xНадежность _92311873 _3RU\NLR\auth\661383580 |
|
| 686 | _aИ-5-021.1я73-1 | ||
| 701 | 1 |
_aПолкунов _bЮ. Г. _gЮрий Григорьевич _4070 |
|
| 701 | 1 |
_aХорешок _bА. А. _gАлексей алексеевич _4070 |
|
| 701 | 1 |
_aКатанов _bБ. А. _gБорис Александрович _4070 |
|
| 701 | 1 |
_4070 _7ca _8rus _aБуялич _bГ. Д. _f1952- _gГеннадий Даниилович _9269963 _3RU\NLR\AUTH\770270019 |
|
| 801 | 0 |
_aRU _bNLR _c20040805 _gPSBO |
|
| 801 | 1 |
_aRU _bNLR _c20040805 |
|
| 852 |
_aNLR _j2004-4/12285 |
||
| 942 | _cBOOK | ||